An illustrated dictionary of glass : (Record no. 60573)
| 000 -BAŞLIK | |
|---|---|
| Sabit Uzunluktaki Kontrol Alanı | 01099nam a22002777a 4500 |
| 001 - KONTROL NUMARASI | |
| Control Dosyası | 0060772 |
| 003 - KONTROL NUMARASI KİMLİĞİ | |
| Kontrol Alanı | KOHA_MİRAKIL |
| 005 - EN SON İŞLEM TARİHİ ve ZAMANI | |
| Kontrol Alanı | 20260207004311.0 |
| 007 - FİZİKSEL TANIM SABİT ALAN - GENEL BİLGİ | |
| Sabit uzunluklu kontrol alanı | ta |
| 008 - SABİT UZUNLUKTAKİ VERİ ÖGELERİ - GENEL BİLGİ | |
| Sabit Alan | 170912b1987 xx a|||grd|||#0|||0|eng | |
| 020 ## - ISBN - ULUSLARARASI STANDART KİTAP NUMARASI | |
| Isbn | 0500274517 |
| Nitelik bilgileri | |
| 020 ## - ISBN - ULUSLARARASI STANDART KİTAP NUMARASI | |
| Isbn | 9780500232620 |
| Kullanılabilirlik koşulları | 354,88 |
| 040 ## - KATALOGLAMA KAYNAĞI | |
| Özgün Kataloglama Kurumu | TR-BiSEU |
| Kataloglama Dili | tur |
| Çeviri Kurumu | TR-BiSEU |
| Açıklama Kuralları | rda |
| 041 0# - DİL KODU | |
| Metin ya da ses kaydının dil kodu | eng |
| 050 ## - SINIFLAMA ve YER NUMARASI | |
| Sınıflama Numarası | TP788 |
| Yer Numarası | .N49 1987 |
| 100 1# - KİŞİ ADI | |
| Yazar Adı (Kişi adı) | Newman, Harold. |
| 245 13 - ESER ADI BİLDİRİMİ | |
| Başlık | An illustrated dictionary of glass : |
| Alt Eseradı vb. | 2,442 entries, including definitions of wares, materials, processes, forms, and decorative styles, and entries on principal glassmakers, decorators, and designers from antiquity to the present/ |
| Sorumluluk Bildirimi | Harold Newman ; Harold Newman with an introductory survey of the history of glass-making by Robert J. Charleston.. |
| 264 #1 - ÜRERİM, YAYIN, DAĞITIM ve TELİF BİLDİRİMİ | |
| Yayın yeri | New York, N.Y. : |
| Yayınlayan | Thames & Hudson |
| Yayın tarihi | 1987 |
| 300 ## - FİZİKSEL TANIMLAMA | |
| Sayfa, Cilt vb. | [351], 16 pages : |
| Diğer fiziki detaylar | illustrated ; |
| Boyutları | 20 cm |
| 336 ## - İÇERİK TÜRÜ | |
| Content type term | metin |
| Content type code | txt |
| Source | rdacontent |
| 337 ## - MEDYA TÜRÜ | |
| Media type term | aracısız |
| Media type code | n |
| Source | rdamedia |
| 338 ## - TAŞIYICI TÜRÜ | |
| Carrier type term | cilt |
| Carrier type code | nc |
| Source | rdacarrier |
| 650 #0 - KONU BAŞLIĞI EK GİRİŞ - KONU TERİMİ | |
| Konusal terim veya coğrafi ad | Cam--Sözlükler--İngilizce. |
| 9 (RLIN) | 112299 |
| 907 ## - LOCAL DATA ELEMENT G, LDG (RLIN) | |
| a | Sözlük |
| 942 ## - EK GİRİŞ ÖGELERİ (KOHA) | |
| Source of classification or shelving scheme | Library of Congress Classification |
| Koha item type | Book |
| Materyal Türü | Kalıcı Konum | Mevcut Konum | Raf Yeri | Koleksiyon Kodu | Sınıflandırma Kaynağı | Edinim Bilgisi | Ana Konular | Alt Konular | Yer Numarası | Demirbaş Numarası | Fatura Tarihi | Geri Çekilme Durumu | Kayıp Durumu | Hasarlı Durumu | Kredi için değil | Kayıt Tarih | Toplam Ödünçverme | Son Görülme Tarihi | Son Kontrol Tarihi |
|---|---|---|---|---|---|---|---|---|---|---|---|---|---|---|---|---|---|---|---|
| Danışma Kaynakları | Prof. Dr. Azmi Özcan Kütüphanesi | Prof. Dr. Azmi Özcan Kütüphanesi | Birûni Salonu | Referans | Library of Congress Classification | Satın | TEKNOLOJİ | Kimya Teknolojisi | TP788 .N49 1987 | 0060772 | 02/02/2026 | Ödünç verilmez | 12/09/2017 | 05/12/2024 | 05/12/2024 |
